| 000 | 00567nam a2200205 a 4500 | ||
|---|---|---|---|
| 005 | 20210219153533.0 | ||
| 008 | 991125n 000 0 u | ||
| 035 | _aUPN01000105280 | ||
| 100 | _aPatterson, C.H. | ||
| 222 | _aJOURNAL OF HUMANISTIC EDUCATION AND DEVELOPMENT | ||
| 245 | _aWinds of change for client-centered counseling | ||
| 300 | _a130-133 | ||
| 362 | _a31, No. 3, 1993 | ||
| 505 | _aOctubre 1993 | ||
| 653 | 0 | _aCAMBIO | |
| 653 | 0 | _aCONSEJERO NO DIRECTIVO | |
| 653 | 0 | _aTEORIAS DE ASESORAMIENTO | |
| 904 |
_aAC _b043091 |
||
| 905 | _aArticulo | ||
| 999 |
_c79391 _d79391 |
||